00270nam a2200109Ia 4500003000400000008004100004100001800045245003900063260003200102300000800134650001800142OSt191201s2007 xx 000 0 und d aRONHUBBARD, L 0aScientology 0-8 the Book of Basics aN. DelhibHubbard Pubc2007 a523 aGeneral Books